Esquema de geografía física de las Islas Canarias / (Record no. 21000)

MARC details
000 -LEADER
campo de control de longitud fija 00537nam a2200169 i 4500
001 - NÚMERO DE CONTROL
campo de control 21000
003 - IDENTIFICADOR DE NÚMERO DE CONTROL
campo de control ES-MaACL
005 - FECHA Y HORA DE LA ÚLTIMA TRANSACCIÓN
campo de control 20230906152412.0
007 - CAMPO FIJO DE DESCRIPCIÓN FÍSICA--INFORMACIÓN GENERAL
campo de control de longitud fija t|
008 - DATOS DE LONGITUD FIJA--INFORMACIÓN GENERAL
campo de control de longitud fija 021120s1953 sp ||||1| spa d
100 1# - ENTRADA PRINCIPAL--NOMBRE DE PERSONA
Nombre de persona Afonso, Leoncio.
9 (RLIN) 18516
245 10 - MENCIÓN DEL TÍTULO
Título Esquema de geografía física de las Islas Canarias /
Mención de responsabilidad, etc. Leoncio Afonso.
260 ## - PUBLICACIÓN, DISTRIBUCIÓN, ETC.
Lugar de publicación, distribución, etc. La Laguna de Tenerife :
Nombre del editor, distribuidor, etc. J. Regulo,
Fecha de publicación, distribución, etc. 1953 (
Fabricante Gutenberg)
300 ## - DESCRIPCIÓN FÍSICA
Extensión 83 p. :
Otras características físicas il., 9 map. pleg. ;
Dimensiones 24 cm.
852 ## - LOCALIZACIÓN
Ubicación ES-MaACL
Número de control de estantería C-6501
Sublocalización o colección R.35831
852 ## - LOCALIZACIÓN
Ubicación ES-MaACL
Número de control de estantería 1971-F-11
Sublocalización o colección R.36958
Holdings
Estatus retirado Estado de pérdida Estado de daño No para préstamo Colección Biblioteca de origen Biblioteca actual Ubicación en estantería Fecha de adquisición Fuente de adquisición Total de préstamos Signatura topográfica completa Código de barras Visto por última vez Precio de reemplazo Tipo de ítem Koha
        Colección de folletos Biblioteca del Ateneo de Madrid Biblioteca del Ateneo de Madrid Depósito folletos 17/01/2008     1971-F-11 1021568 23/02/2023 23/02/2023 Folleto
          Biblioteca del Ateneo de Madrid Biblioteca del Ateneo de Madrid Sala Palomar 17/01/2008     C-6501 1021567 23/02/2023 23/02/2023 Libro impreso